Jornadas de arte, 1841-1891

Guardat en:
Dades bibliogràfiques
Autor principal: Pedrell, Felipe (Autor)
Format: Llibre
Idioma:espanyol
Publicat: París Pul Ollendorff 1900
Matèries:
Etiquetes: Afegir etiqueta
Sense etiquetes, Sigues el primer a etiquetar aquest registre!

MARC

LEADER 00000nam a2200000 a 4500
001 UCN0904
003 CL-VaPUC
008 010406e19000000FR |||||||||||||||||spa|d
082 0 4 |a 780.92  |b PED  |2 21 
100 0 |a Pedrell, Felipe  |e author  |9 456267 
245 1 0 |a Jornadas de arte, 1841-1891 
300 |a 336 p 
942 |c BK 
945 |d 20010406 00:00:00  |a crobeson 
260 |a París  |b Pul Ollendorff  |c 1900 
650 0 |a Músicos  |9 306340 
650 0 |a Compositores  |9 306451 
650 7 |a MEMORIAS  |2 CL-VaPUC  |9 269159 
583 |a last modification  |c 20010406 00:00:00  |k Rodrigo Vera 
999 |c 294516  |d 294514 
952 |0 0  |1 0  |4 0  |6 780_920000000000000_PED_1900  |7 0  |8 A  |9 347005  |a BIBEDU  |b BIBEDU  |d 2019-11-20  |i 1247328  |o 780.92 PED 1900  |p 1247328  |r 2023-01-12  |w 2019-11-20  |y BK  |k MUS